| Tag |
First Indicator |
Second Indicator |
Subfields |
| LEADER |
00000cam a2200000 a 4500 |
| 001 |
in00000079831 |
| 005 |
20151008054020.0 |
| 008 |
801215s1979 bl a b 00000 porm |
| 010 |
|
|
|a 80128940
|
| 035 |
|
|
|a (OCoLC)07204107
|
| 035 |
|
|
|9 AAH9368AM
|
| 040 |
|
|
|a DLC
|c DLC
|d TXA
|d UtOrBLW
|
| 043 |
|
|
|a s-bl---
|
| 049 |
|
|
|a TXAM
|c [387319]
|
| 050 |
0 |
0 |
|a RA463
|b .S26
|
| 245 |
0 |
0 |
|a Saude no Brasil.
|
| 264 |
|
1 |
|a [Brasilia] :
|b Editora Universidade de Brasilia,
|c 1979.
|
| 300 |
|
|
|a 193 pages :
|b illustrations ;
|c 28 cm.
|
| 336 |
|
|
|a text
|b txt
|2 rdacontent
|
| 337 |
|
|
|a unmediated
|b n
|2 rdamedia
|
| 338 |
|
|
|a volume
|b nc
|2 rdacarrier
|
| 490 |
1 |
|
|a Encontros da UnB
|
| 490 |
1 |
|
|a Cadernos da UnB
|
| 504 |
|
|
|a Includes bibliographies.
|
| 650 |
|
0 |
|a Public health
|z Brazil.
|
| 650 |
|
0 |
|a Medical care
|z Brazil.
|
| 830 |
|
0 |
|a Encontros da UnB.
|
| 830 |
|
0 |
|a Cadernos da UnB.
|
| 999 |
|
|
|a MARS
|
| 999 |
f |
f |
|s bc36e069-408b-3549-bdb9-a2706d92406c
|i d3be4fb7-778e-3f1c-a50a-27e55b5dd45a
|t 0
|
| 952 |
f |
f |
|p ric
|a Texas A&M University
|b Rellis Campus
|c Joint Library Facility
|d Remote Storage
|t 0
|e RA463 .S26
|h Library of Congress classification
|i unmediated -- volume
|m A14806227615
|
| 998 |
f |
f |
|a RA463 .S26
|t 0
|l Remote Storage
|